000
00227nam a22000857a 4500
008
161108b xxu||||| |||| 00| 0 eng d
100
_9
1093
_a
Sahni g. k
245
_a
Sewing Machine and Its Maintance
260
_a
New Delhi
_b
N B T
_c
2004
999
_c
3754
_d
3754